000 00444nam a2200169Ia 4500
003 GCL
008 140319s9999 xx 000 0 eng d
040 _aGCL /
_cGCL
082 0 4 _a745.546
_bD D
100 1 _aDAVIS, DEE
245 1 0 _aDE'COUPAGE: PAPER CUTOUTS FOR DECORATION AND PLEASURE /
_cDAVIS, DEE
260 _a[S.N] :
_bTHAMES AND HUDSON ،
_c1995
300 _a144
650 0 4 _aHANDCRAFT
650 0 4 _aDE'COUPAGE
942 _2ddc
_cBK
999 _c24460
_d24460